LEADER 01734nam 2200409Ia 450 001 996383791003316 005 20221108083302.0 035 $a(CKB)1000000000587180 035 $a(EEBO)2240859448 035 $a(OCoLC)13645854 035 $a(EXLCZ)991000000000587180 100 $a19860527d1668 uy | 101 0 $aeng 135 $aurbn||||a|bb| 200 12$aA vindication of the sincerity of the Protestant religion in the point of obedience to sovereigns$b[electronic resource] $eopposed to the doctrine of rebellion, authorised and practiced by the Pope and the Jesuites : in answer to a Jesuitical libel, entituled Philanax Anglicus /$fby Peter Du Moulin .. 205 $aThe third edition with additions. 210 $aLondon $cPrinted for John Crook ...$d1668 215 $a[24], 142, [2], 14 p 300 $a"Philanax Anglicus, or, A Christian caveat" was first published anonymously before 1663, and was taken mainly from "Jerusalem and Babel" by Matthew Pattenson. It was subscribed "Thomas Bellamy," corrected and enlarged by Sir Henry Janson. Cf. Halkett & Laing. 300 $aReproduction of original in Cambridge University Library. 330 $aeebo-0021 606 $aProtestantism$vEarly works to 1800 606 $aChurch and state$vEarly works to 1800 615 0$aProtestantism 615 0$aChurch and state 700 $aDu Moulin$b Peter$f1601-1684.$0799673 801 0$bEAA 801 1$bEAA 801 2$bm/c 801 2$bEAA 801 2$bOCL 801 2$bUMI 801 2$bWaOLN 906 $aBOOK 912 $a996383791003316 996 $aA vindication of the sincerity of the Protestant religion in the point of obedience to sovereigns$92383237 997 $aUNISA LEADER 00920nam 2200361 450 001 9910136201003321 005 20230808200134.0 010 $a3-7345-5861-1 035 $a(CKB)3710000000916170 035 $a(MiAaPQ)EBC4730114 035 $a(EXLCZ)993710000000916170 100 $a20161116h20162016 uy 0 101 0 $ager 135 $aurcnu|||||||| 181 $2rdacontent 182 $2rdamedia 183 $2rdacarrier 200 14$aDie Gefahr /$fGerd Becker 210 1$aHamburg, [Germany] :$ctredition,$d2016. 210 4$dİ2016 215 $a1 online resource (122 pages) 311 $a3-7345-2389-3 606 $aDanger perception 615 0$aDanger perception. 676 $a153.75 700 $aBecker$b Gerd$01378354 801 0$bMiAaPQ 801 1$bMiAaPQ 801 2$bMiAaPQ 906 $aBOOK 912 $a9910136201003321 996 $aDie Gefahr$93416760 997 $aUNINA